000 00756nam a2200229Ii 4500
003 JO-AjNU
008 230605s9999||||xx |||||||||||||| ||und||
017 _a2012/5/1680
020 _a978-9957-71-262-4
040 _aJO-AjNU
_bara
_erda
_cJO-AjNU
041 _aara
050 1 4 _aSB357.K54.2013
100 3 _aالكيلاني، عامر عبد الفتاح,
_eauthor
_964381
245 0 0 _aالموسوعة الزراعية
250 _aط1
264 3 1 _aعمان: دار دجلة ناشرون وموزعون، 2013
300 _a232ص
_bتحتوي على صور توضيحية
336 _atext
_btxt
_2rdacontent
337 _aunmediated
_bn
_2rdamedia
338 _avolume
_bnc
_2rdacarrier
650 4 _aالموسوعات-الزراعة
_964382
999 _aA29254
_c32822
_d32822